Statistics for PAOK FC Decade All Stars 2010-20

Click here to take the quiz!

General Stats

  • This quiz has been taken 61 times
  • The average score is 9 of 11

Answer Stats

Pos.CountryAppsGls#Answer% Correct
GKGreece53-31Alexandros Paschalakis
98%
CBSpain101515José Crespo
94%
STSerbia55359Aleksandar Prijović
87%
RBBrazil105163Léo Matos
87%
DMUruguay10955Pablo García
87%
AMGreece1202110Dimitris Pelkas
85%
RWPortugal1673120Vieirinha
85%
CMCroatia30527Josip Mišić
79%
LBBrazil1581116Lino
74%
LWNetherlands981521Diego Biseswar
64%
CBChile106615Pablo Contreras
57%

Score Distribution

Percentile by Number Answered

Percent of People with Each Score

Your Score History

You have not taken this quiz